Pokémon - Les attaques de Lombre - Statistiques

Statistiques générales
  • Ce quiz a été pris 13 fois
  • Le résultat moyen est 12 sur 18
Statistiques - réponses
Niveaux Types Noms des attaques % Correct
Niveau 64 Eau Hydrocanon
100%
Niveau 9 Glace Brume
86%
Niveau 57 Plante Éco-Sphère
86%
Départ Spectre Étonnement
86%
Niveau 36 Plante Giga-Sangsue
86%
Niveau 12 Plante Méga-Sangsue
86%
Départ Plante Vol-Vie
86%
Niveau 43 Eau Danse Pluie
71%
Départ Eau Pistolet à O
71%
Départ Normal Rugissement
71%
Départ Normal Bluff
57%
Niveau 24 Eau Bulles d'O
57%
Départ Normal Danse Folle
57%
Niveau 30 Normal Force Nature
57%
Départ Ténèbres Sabotage
43%
Départ Normal Gigotage
29%
Niveau 50 Psy Psykoud'Boul
29%
Niveau 18 Normal Combo-Griffe
0%
Aucun quiz correspondant
Distribution des résultats
% des personnes avec chaque résultat
Percentile par nombre de réponses
Votre historique - résultats
Vous n’avez pas pris ce quiz